[Event "ESP-chT CECLUB Honor"]
[Site "Melilla"]
[Date "2011.11.22"]
[Round "2"]
[White "Ubilava, Elizbar"]
[Black "Rocha, Sergio MC"]
[Result "1-0"]
[WhiteElo "2527"]
[BlackElo "2410"]
[Annotator "RR"]
[PlyCount "79"]
[EventDate "2011.11.21"]
[EventType "team-tourn"]
[EventRounds "7"]
[EventCountry "ESP"]
[SourceTitle "CBM 146"]
[Source "ChessBase"]
[SourceDate "2012.01.18"]
[SourceVersion "1"]
[SourceVersionDate "2012.01.18"]
[SourceQuality "1"]
[WhiteTeam "Solvay"]
[BlackTeam "Linex Magic"]
[WhiteTeamCountry "ESP"]
[BlackTeamCountry "ESP"]

1. c4 c6 2. d4 d5 3. Nf3 Nf6 4. Nc3 e6 5. Bg5 h6 6. Bh4 Be7 7. e3 Ne4 8. Bxe7
Qxe7 9. Nxe4 dxe4 10. Nd2 f5 11. Qh5+ Qf7 12. Qxf7+ Kxf7 13. c5 Nd7 14. Nc4 Kf6
15. Nd6 Rb8 16. b4 e5 17. Bc4 exd4 18. exd4 Nf8 19. O-O-O Ne6 20. f3 exf3 21.
gxf3 Nf4 22. Rhe1 Be6 23. Re5 g6 24. Bxe6 Nxe6 25. Rde1 Nf4 26. Kc2 b6 27. h4
bxc5 28. bxc5 g5 $2 (28... Rhf8 29. Re7 Rbd8) 29. h5 $18 Rhf8 30. Rxf5+ Kg7 31.
Re7+ Kg8 32. Nf7 Nd5 33. Nxh6+ Kh8 34. Rxf8+ Rxf8 35. Rf7 Re8 36. Ng4 Re2+ 37.
Kb3 Rd2 38. Ne5 Rxd4 $2 (38... Rh2 39. Nxc6 a5) 39. h6 $18 Nf4 40. Rg7 1-0

[Event "Africa-ch"]
[Site "Windhoek"]
[Date "2014.12.17"]
[Round "5"]
[White "Solomon, Kenny"]
[Black "Adly, Ahmed"]
[Result "1-0"]
[WhiteElo "2380"]
[BlackElo "2591"]
[Annotator "Solomon,K"]
[PlyCount "32"]
[EventDate "2014.12.13"]
[EventType "swiss"]
[EventRounds "9"]
[EventCountry "NAM"]
[SourceTitle "CBM 164 Extra"]
[Source "ChessBase"]
[SourceDate "2015.03.02"]
[SourceVersion "1"]
[SourceVersionDate "2015.03.02"]
[SourceQuality "1"]

1. d4 d5 2. c4 e6 3. Nc3 Be7 4. Nf3 Nf6 5. Bg5 Ne4 {this move came as a
surprise} 6. Bxe7 Qxe7 7. Qb3 {I already had to think long here and I found
this way to continue the struggle.} c6 8. Nxe4 dxe4 9. Nd2 e5 10. d5 ({
tempting was} 10. Qg3 f5 11. Qxe5 Qxe5 12. dxe5 Nd7 13. f4 exf3 14. Nxf3 O-O
15. g3 Re8 16. O-O-O Nxe5 17. Nxe5 Rxe5 18. Rd8+ Kf7 {but black has a better
structure.}) 10... f5 11. g4 $1 {A very important move to keep white pices
active.} Nd7 12. gxf5 Nf6 {he began to play quickly from this point.} (12...
Nc5 13. Qe3 Bxf5 14. Bg2 {and white is comfortable}) 13. dxc6 (13. Bh3 $1 {
is much better with clear advantage}) 13... bxc6 14. Bh3 O-O 15. Rg1 a5 16.
O-O-O {Already here i was approaching serious time trouble.} Ba6 $16 1-0

[Event "Solin 7th"]
[Site "Solin"]
[Date "1999.12.16"]
[Round "6"]
[White "Tukmakov, Vladimir B"]
[Black "Morovic Fernandez, Ivan"]
[Result "1/2-1/2"]
[WhiteElo "2555"]
[BlackElo "2605"]
[Annotator "Tsesarsky,I"]
[PlyCount "77"]
[EventDate "1999.12.10"]
[EventType "tourn"]
[EventRounds "9"]
[EventCountry "CRO"]
[EventCategory "13"]
[SourceTitle "CBM 075"]
[Source "ChessBase"]
[SourceDate "2000.04.05"]
[SourceVersion "1"]
[SourceVersionDate "2000.04.05"]
[SourceQuality "1"]

1. d4 d5 2. c4 c6 3. Nf3 Nf6 4. Nc3 e6 5. Bg5 Nbd7 6. e3 Be7 7. Qc2 Ne4 8. Bxe7
Qxe7 9. Bd3 Nxc3 (9... f5 10. O-O O-O 11. Rac1 (11. Ne5 Nxe5 12. dxe5 Nc5 (
12... Nxc3 13. Qxc3 f4 14. exf4 Rxf4 15. g3 Rf7 16. f4 $14 {Gereben,
Erno-Lichtenstein,Bernhard/Vienna (11) ;HCL 1935/0-1 (73)}) 13. f4 b6 14. cxd5
cxd5 15. Rfd1 a5 16. Ne2 Bd7 17. Rac1 Rfc8 $11 {1/2-1/2 Helle,Soini-Pilnik,
Herman/Dubrovnik olm (9) ;MCD 1950 (31)}) (11. Rfe1 Rf6 12. Nd2 Rh6 13. Nf1 Qh4
14. f3 Ng5 15. cxd5 cxd5 16. Rac1 $14 {Enevoldsen,Jens-Nielsen,Julius/DEN-ch
Naestved (9) ;EXT 2000 1939/1-0 (62)}) (11. Nd2 Nxd2 12. Qxd2 Kh8 13. a3 dxc4
14. Bxc4 Nb6 15. Ba2 e5 16. dxe5 Qxe5 17. Rad1 Be6 18. Bxe6 Qxe6 19. Qd4 Qe7
$11 {Gurevich,Mikhail-Thorhallsson,Throstur/Cappelle op Cappelle la Grande (5)
;CBM 63 ext 1998/1/2-1/2 (71)}) 11... Kh8 12. Qe2 Ndf6 13. Ne5 Bd7 14. f4 Rg8
15. Kh1 g5 16. g3 $14 {0-1 Ureta,H-Cruz,Walter Oswaldo/Mar del Plata (14) ;HCL
1928 (32)}) 10. Qxc3 $6 $11 {This move permit to Black equalize} (10. bxc3 $1
Nf6 (10... e5 11. cxd5 cxd5 12. Nxe5 Nxe5 13. dxe5 Qxe5 14. O-O $16) (10...
dxc4 11. Bxc4 O-O 12. Bd3 h6 13. O-O c5 14. e4 (14. Rac1 b6 15. c4 Bb7 $132 {
0-1 Klugmann-Kahn,/cr ch-ddr 1985 (37)}) 14... b6 15. Rfd1 Bb7 16. Qe2 $14) 11.
O-O O-O 12. Ne5 $14) 10... dxc4 (10... O-O 11. O-O Rd8 12. Rac1 dxc4 13. Qxc4
e5 14. dxe5 Nxe5 15. Nxe5 Qxe5 16. Bxh7+ $16 {Keres,Paul-Van den Bosch,
Johannes/Bad Nauheim (8) ;HCL 1936/1-0 (61)}) 11. Bxc4 O-O 12. a4 (12. O-O c5
13. Rfd1 b6 14. d5 exd5 15. Bxd5 Rb8 16. Bc6 Nf6 17. Ne5 Ng4 18. Nd7 Bxd7 19.
Bxd7 Nf6 20. Bf5 Rfd8 $11) 12... c5 $1 13. a5 $6 (13. dxc5 Nxc5 14. O-O $11)
13... cxd4 14. exd4 $6 $15 {[%csl Rd4] Very strange. In this type of position
- with isolated pawn - only black can fight for advantage} (14. Nxd4 $11) 14...
Nf6 15. O-O Bd7 16. Ne5 Rac8 17. Rfe1 Bb5 18. b3 Rfd8 19. Rad1 (19. Qe3 Be8 $15
{[%csl Rd4]} (19... Bxc4 20. bxc4 $132)) 19... Qc7 20. Qf3 Bc6 21. Qh3 Bd5 22.
a6 Qb6 $5 {There is not big difference between position after this move and
after b7xa6} (22... bxa6 $5 23. Bxa6 Rb8 24. Bc4 Qb6 25. Qd3 Rd6 $1 $15 {
[%csl Rd4][%cal Gb8d8]}) 23. axb7 Qxb7 24. Qd3 {[%cal Gc4a6]} Qb6 (24... Bxg2
$2 25. Ba6 (25. Nxf7 Kxf7 26. Bxe6+ Kf8 27. Bxc8 Rxc8 $17) 25... Qa8 26. Bxc8
Rxc8 27. Rc1 Bb7 $14) 25. Ra1 Rc7 (25... a5 $6 26. Bxd5 Nxd5 27. Nc4 Qb4 28.
Nxa5 Nb6 29. Red1 Rc3 30. Qd2 Nd5 31. Ra4 $14) (25... Bb7 $5 26. Nxf7 Rxd4 (
26... Kxf7 27. Rxe6 Qxe6 28. Bxe6+ Kxe6 29. Qe3+ Kf7 (29... Kf5 30. h4 $16) 30.
Rxa7 Rd7 31. f3 $16) 27. Qe3 Qc6 (27... Rdxc4 28. bxc4 Kxf7 29. Reb1 Qxe3 30.
Rxb7+ $18) 28. f3 Rxc4 29. Nh6+ gxh6 30. bxc4 Qxc4 31. Rxa7 Bd5 32. Qxh6 Qd4+
33. Qe3 Qxe3+ 34. Rxe3 Rc2 $15) 26. Red1 Bb7 (26... Be4 27. Qe3 Bb7 28. h3 Nd5
29. Qg3 $15) 27. Qd2 Rcc8 28. h3 Rd6 $2 (28... Rc7 $5 $15) 29. Bf1 $1 $14 {
[%csl Rb6,Rd6][%cal Ge5c4]} Bd5 (29... Rcd8 $6 30. Nc4 Rxd4 31. Qxd4 Qxd4 32.
Rxd4 Rxd4 33. Rxa7 Bd5 34. Ne5 $14) (29... Rdd8 30. Nc4 Qc7 31. Rxa7 $16) 30.
Nc4 Bxc4 31. bxc4 $14 Qc7 32. Qa5 (32. Be2 $14) 32... Rd7 33. d5 $6 $11 (33.
Qxc7 $142 {Was much better} Rdxc7 34. Ra3 Rd7 35. f3 Kf8 36. Kf2 Ke7 37. Ke3
$14 {[%csl Ra7][%cal Gd1a1]}) 33... exd5 34. cxd5 Qxa5 35. Rxa5 Rcd8 36. Bb5
Rc7 37. Be2 Rcd7 38. Bf3 g6 39. Rd4 1/2-1/2

[Event "EU-ch 2nd"]
[Site "Ohrid"]
[Date "2001.06.05"]
[Round "5"]
[White "Nikolic, Predrag"]
[Black "Narciso Dublan, Marc"]
[Result "1-0"]
[WhiteElo "2652"]
[BlackElo "2544"]
[Annotator "Tsesarsky,I"]
[PlyCount "105"]
[EventDate "2001.06.01"]
[EventType "swiss"]
[EventRounds "13"]
[EventCountry "YUG"]
[SourceTitle "CBM 084"]
[Source "ChessBase"]
[SourceDate "2001.09.13"]
[SourceVersion "1"]
[SourceVersionDate "2001.09.13"]
[SourceQuality "1"]

1. d4 d5 2. c4 e6 3. Nc3 Be7 4. Nf3 Nf6 5. Bg5 h6 6. Bxf6 {The main
disadvantage of this capture is important white black-squares B disappearance.}
Bxf6 7. Qd2 {P.Nikolic plays this variation very often.} ({More popular is} 7.
Qb3) 7... O-O (7... b6 8. O-O-O Bb7 9. cxd5 exd5 10. Kb1 Nd7 11. e3 $132 {
1-0 Pachman,L-Szabados,E/Venice 1950/MCD (25)}) (7... Nc6 8. O-O-O (8. e3 a6 9.
cxd5 exd5 10. Be2 O-O 11. O-O Re8 12. Rfc1 Be7 13. Qd1 Na7 14. Ne5 c6 15. Bh5
Rf8 16. a4 {1/2-1/2 Nikolic,P-Speelman,J/Hastings 1989/TD (16)}) 8... dxc4 9.
e3 O-O 10. Bxc4 e5 11. d5 Na5 12. Bd3 c6 13. Be4 cxd5 14. Nxd5 Nc4 15. Qb4 Be6
16. Kb1 Rc8 $132 {1/2-1/2 Ubilava,E-Boensch,U/Sochi 1984/MCD (66)}) (7... c6 8.
e4 O-O 9. h4 $14 {0-1 Wocke,R-Wiemer,J/Germany 1992/EXT 97-B (40)}) (7... c5 $5
8. dxc5 dxc4 9. Qxd8+ Kxd8 10. O-O-O+ Ke7 11. Ne4 Bd7 12. e3 Bc6 13. Nxf6 gxf6
14. Bxc4 Rc8 15. Nd4 Be4 (15... Bxg2 16. Rhg1 Rxc5 17. b3 Bc6 18. Rg8 b5 $17)
16. f3 Rxc5 17. b3 Bd5 18. Nf5+ Ke8 $132 {1/2-1/2 Sokolov,I-Azmaiparashvili,Z/
Antwerp 1998/EXT 99 (27)}) (7... dxc4 $5 8. e4 c5 9. d5 exd5 10. e5 Be7 (10...
d4 11. exf6 dxc3 12. Qe3+ {-see commented game 1-0 Sokolov,I-Van der Sterren,P/
Rotterdam 1998/CBM 66 [Tsesarsky,I](39)}) 11. Nxd5 b5 12. b3 Nc6 13. bxc4 Bg4
14. Be2 Bxf3 15. Bxf3 Nxe5 16. Nc7+ Qxc7 17. Bxa8 O-O 18. Be4 Nxc4 $15 {
1-0 Nikolic,P-King,D/Germany 1998/GER-chT (39)}) 8. e4 dxe4 (8... c5 $6 9. cxd5
cxd4 10. Nxd4 exd5 11. exd5 (11. Nxd5 Re8 $44 {[%csl Re4][%cal Ge8e4]}) 11...
Nc6 12. Nc2 Re8+ 13. Ne3 Nd4 14. Bd3 Nf5 15. Bxf5 Bxf5 16. O-O Bd7 $14 {
1-0 Tukmakov,V-Speelman,J/Moscow 1985/MCL (41)}) (8... dxc4 9. Bxc4 Nd7 10.
O-O-O a6 11. g4 b5 12. Bd3 Bb7 13. h4 c5 14. g5 hxg5 (14... cxd4 15. Ne2 Rc8+
16. Kb1 Nc5 $5 $132) 15. hxg5 Bxd4 16. Qf4 f5 $132 (16... Re8 $4 17. Rh8+ Kxh8
18. Qxf7 {1-0 Wocke,R-Wulff,J/Germany 1992/EXT 97-B (18)})) 9. Nxe4 Nd7 {
Black solved opening problems also in the next games:} (9... Be7 $5 10. O-O-O
Nc6 11. h4 b6 12. Qf4 f5 13. Nc3 Bd6 14. Qe3 Qe7 15. Bd3 Bb7 16. Rhe1 Rae8 17.
Bc2 e5 $11 {0-1 Almeida,R-Giorgadze,T/Sevilla 1989/EXT 97 (31)}) (9... b6 $5
10. O-O-O Bb7 11. Qe3 Nd7 12. Bd3 Qe7 13. Nxf6+ Nxf6 14. Ne5 Rad8 15. Bc2 c5
$11 {1/2-1/2 Nikolic,P-Ljubojevic,L/Monte Carlo 1999/CBM 69 ext (45)}) 10.
O-O-O c5 $1 {[%mdl 4] Strong active move. Black demonstrates proper position
evaluation.} 11. Qe3 (11. d5 $144 exd5 12. cxd5 Re8 13. Bd3 Nb6 14. d6 Be6 $132
) (11. dxc5 $144 Be7 12. g4 Qc7 13. g5 h5 14. Rg1 Rd8 $132) 11... Be7 ({
Possible also} 11... cxd4 12. Nxd4 Qa5 $132) 12. Bd3 cxd4 13. Nxd4 Ne5 14. Bc2
Qb6 ({Not} 14... Nxc4 $4 15. Qd3 $18 {[%csl Rc4,Rg8][%cal Ge4f6]}) 15. Qc3 Qb4
({At least equal position reaches Black in case of} 15... Nc6 $5 16. c5 Qa6 17.
Kb1 Nxd4 18. Qxd4 Qc6 (18... b6 19. Nd6 {[%csl Ra8,Rg8][%cal Gd4e4,Ge4a8,Gc2h7]
} Bxd6 (19... bxc5 20. Qe4 f5 21. Qxa8 Bxd6 22. Qf3 $14) 20. cxd6 Bb7 $132) 19.
Nd6 Rd8 $132) 16. Qxb4 Bxb4 {[%csl Rc8] Black must develop his Bc8.} 17. c5 $1
({Badly is} 17. Bb3 $2 f5 18. Ng3 Ng4 $17 {[%csl Rf2]}) 17... f5 18. a3 $6 $15
({Interesting was} 18. Nd6 $5 Bxc5 19. Nxc8 Rfxc8 20. Nxe6 Bxf2 21. Kb1 (21.
Rd5 $2 Ng4 $19) 21... g6 22. Rd5 $44 {[%cal Gc2b3]}) 18... Bxa3 $1 ({Or} 18...
fxe4 19. axb4 Ng4 20. Rhe1 Nxf2 21. Rd2 $44) 19. bxa3 fxe4 20. Bxe4 Ng4 (20...
Rxf2 $6 21. Nb5 $44) 21. Rhe1 Nxf2 22. Rd2 Nxe4 23. Rxe4 Bd7 (23... Rd8 $6 24.
Nxe6 Rxd2 25. Kxd2 Bxe6 26. Rxe6 Rd8+ 27. Kc3 Kf7 $11) (23... Rf6 $6 24. Nf3
$44 {[%csl Ra8,Rc8][%cal Gf3e5]}) 24. Nxe6 Rf7 {[%csl Rc5]} ({Worth of
attention is} 24... Bc6 $5 {[%csl Rc5][%cal Gc6g2]} 25. Re1 (25. Ree2 Rf5 {
[%csl Rc5][%cal Gf5c5]} 26. Kb2 Re8 27. Nd4 Rxc5 28. Nxc6 Rxe2 29. Rxe2 Rxc6
30. Re7 Rb6+ $17) 25... Rfe8 26. g3 Re7 27. Rde2 Rc8 {[%csl Rc5]} 28. Kd2 Bd7
$15) 25. Nd4 Rc8 26. Rc2 Rf5 (26... Ba4 27. Rc4 Bc6 28. Nxc6 Rxc6 29. Kd2 $11)
({Worth of attention} 26... Kh7 $5 27. Kd2 (27. Re5 Rf4 28. Rd5 Ba4 29. Rb2 b6
$17) 27... Rf2+ (27... Ba4 28. Rc4 Bc6 29. Nxc6 Rxc6 $11) 28. Re2 Rf4 29. Kd3
Kg6 30. Re4 Rf1 $15) 27. Nxf5 (27. Re7 Rd5 $15) 27... Bxf5 28. Rec4 Bxc2 29.
Kxc2 {Position not only equal, It is dead draw. nevertheless, the struggle is
continued!} Kf7 30. Kb3 Rc7 31. Kb4 Re7 (31... Ke6 $11) 32. Rc2 Re1 (32... Ke8
$11) 33. Rb2 Kf6 (33... Rc1 34. Ka4 Rc4+ 35. Kb5 (35. Rb4 Rxb4+ 36. axb4 Ke6
$17) 35... Rc1 $11) 34. a4 Rh1 (34... Rc1 $11) 35. h3 Re1 (35... Rc1 $11) 36.
a5 a6 (36... Ke5 37. Ka4 Ra1+ 38. Kb4 $11 (38. Kb5 Kd4)) 37. Kc4 Re7 $4 $18 {
[%mdl 16384] Unbelievable! Black loses dead drawn RR endgame!} (37... Ke5 38.
Rxb7 Rc1+ 39. Kd3 Rxc5 40. Rxg7 Rxa5 $11) 38. Rb6+ Kf5 ({Or} 38... Ke5 39. c6
bxc6 40. Rxc6 (40. Kc5 $18) 40... Ra7 41. Kc5 $18) 39. c6 bxc6 40. Rxa6 Re5 41.
Kb4 Rb5+ 42. Ka4 Rc5 43. Ra7 Kf6 44. a6 h5 45. Rb7 Rc4+ 46. Rb4 Rc1 47. Ka5
Ra1+ 48. Ra4 Re1 49. a7 Re8 50. Kb6 Kg5 51. a8=Q Rxa8 52. Rxa8 Kh4 53. Ra3 1-0

[Event "Julian Borowski-A 3rd"]
[Site "Essen"]
[Date "2001.05.02"]
[Round "1"]
[White "Gurevich, Mikhail"]
[Black "Bischoff, Klaus"]
[Result "1/2-1/2"]
[WhiteElo "2688"]
[BlackElo "2533"]
[Annotator "Tsesarsky,I"]
[PlyCount "105"]
[EventDate "2001.05.02"]
[EventType "tourn"]
[EventRounds "9"]
[EventCountry "GER"]
[EventCategory "15"]
[SourceTitle "CBM 083"]
[Source "ChessBase"]
[SourceDate "2001.07.05"]
[SourceVersion "1"]
[SourceVersionDate "2001.07.05"]
[SourceQuality "1"]

1. d4 Nf6 2. c4 e6 3. Nc3 d5 4. Bg5 Be7 5. e3 Nbd7 6. Nf3 h6 7. Bf4 (7. Bh4 {
-mainline.}) ({Lputian tries to recieve an advantage by} 7. Bxf6 Nxf6 8. c5 Nd7
$1 {Right reply!} (8... O-O 9. Bd3 c6 10. b4 Bd7 11. O-O Be8 12. Qe2 Qc7 13.
Rab1 Rd8 14. Rb3 Nd7 15. e4 $14 {1-0 Lputian,S-Granda Zuniga,J/Las Palmas 1989/
EXT 97 (44)}) 9. Bd3 c6 10. b4 O-O (10... Qc7 {[%cal Ge6e5]} 11. O-O (11. e4
dxe4 12. Nxe4 O-O 13. O-O e5 $11) 11... e5) 11. e4 b6 12. O-O bxc5 13. bxc5 Qa5
14. Qd2 Bd8 15. exd5 exd5 16. Rfe1 Rb8 17. Re3 Bc7 18. Rae1 Bf4 19. Nxd5 Qxd2
20. Ne7+ Kh8 21. Nxd2 Bxe3 22. fxe3 $44 {1/2-1/2 Lputian,S-Ubilava,E/Kharkov
1985/MCL (73)}) 7... c6 (7... O-O 8. Bd3 c6 9. c5 {-see commented game 0-1
Shchekachev,A-Kiriakov,P/Nizhnij Novgorod 1998/EXT 2000[Tsesarsky,I] (74)}) (
7... a6 $5 {preparing d5xc4 and b7-b5.} 8. cxd5 (8. a3 O-O (8... dxc4 9. Bxc4
b5 10. Ba2 Bb7 $11 {[%cal Gc7c5]}) 9. Qc2 dxc4 10. Bxc4 b5 11. Ba2 Bb7 12. Rd1
Bd6 (12... Qc8 13. O-O c5 $11) 13. Ne5 Nh5 14. O-O Nxf4 15. exf4 Qe7 $11 {
0-1 Shevelev,S-Efimov,I/Manresa 1993/EXT 97 (47)}) (8. Rc1 dxc4 (8... c5 $6 9.
cxd5 exd5 10. Be2 $14 {1-0 Finegold,G-Dondis,H/Chicago 1994/EXT 97 (31)}) 9.
Bxc4 b5 10. Bd3 Bb7 11. O-O c5 $11) 8... exd5 $5 $14 {-theoretical position
without h7-h6.} (8... Nxd5 9. Bg3 (9. Nxd5 exd5 10. Bd3 O-O 11. O-O c6 12. Qc2
Nf6 13. h3 (13. Rab1 Nh5) 13... Re8 14. Rab1 Bd6 15. Bxd6 Qxd6 16. b4 Bd7 $11)
9... Nxc3 10. bxc3 c5 11. Bd3 O-O 12. O-O b6 $1 (12... b5 13. a4 bxa4 14. Be4
Ra7 15. Qxa4 $14) (12... Nf6 13. Ne5 Nd7 $14 {1-0 Koopmann,R-Schmitz,A/Germany
1992/TD (43)}) 13. e4 Bb7 $14)) (7... Ne4 8. Nxe4 dxe4 9. Nd2 e5 10. Bxe5 Nxe5
11. dxe5 Bf5 12. Be2 (12. Qb3 $5 $14) 12... Qd7 13. Qc2 (13. O-O $2 O-O-O 14.
Nb3 Qe6 15. Nd4 Qxe5 $15 {1/2-1/2 Yermolinsky,A-Akhmilovskaya,E/Seattle 1994/
EXT 97 (74)}) 13... O-O-O 14. Nxe4 Bb4+ 15. Kf1 Qe6 16. Qb3 $1 $16) ({In my
opinion, very strong here is} 7... dxc4 $1 {[%mdl 4] -stronger than 7...a7-a6
with the same idea, but allows 8.c4xd5!+/=. I already had played this idea
against Alon Greenfeld at 1992 in similar position and even got an advantage.}
8. Bxc4 a6 9. Rc1 b5 10. Bb3 Bb7 11. d5 ({Or} 11. O-O c5 $11) 11... exd5 $11 (
11... Nc5 12. dxe6 fxe6 13. Nd4 Kf7 14. O-O $132 {1/2-1/2 Vovsha,E-Botvinnik,I/
Tel Aviv 1997/EXT 99 (24)})) 8. Qc2 (8. cxd5 Nxd5 (8... exd5 9. h3 (9. Qc2 Nh5
10. Be5 Nxe5 11. Nxe5 Bd6 $132 {1-0 Kalinitschew,S-Kuba,S/Halle 1987/EXT 97 
(40)}) 9... O-O 10. Bd3 Re8 11. Qc2 a6 12. g4 c5 13. Kf1 b5 14. g5 hxg5 15.
Nxg5 Nf8 16. dxc5 Bxc5 17. Ne2 $14 {1-0 Grooten,H-Alberton,R/Caorle 1988/EXT
99 (38)}) 9. Bg3 $142 $5 (9. Nxd5 exd5 $11 {1/2-1/2 Angos,A-Fallone,M/Moscow
1956/MCD (30)})) (8. Bd3 O-O (8... dxc4 9. Bxc4 Nb6 10. Bd3 O-O 11. O-O Nbd5
12. Bg3 Bd6 13. Bxd6 Qxd6 14. Ne5 $14 {0-1 Gusev,S-Molchanov,N/Novokuznetsk
1998/EXT 2001 (25)}) 9. O-O Ne8 10. Qc2 Bd6 11. Bxd6 Nxd6 12. c5 $14 {0-1
Kapetanovic,D-Karman,A/Hiddenhausen 1997/EXT 2001 (27)}) 8... a6 ({Possible
also} 8... Qa5 $5 9. Nd2 (9. Rc1 Ne4 10. Bd3 Nxc3 11. bxc3 b5 12. c5 Bb7 13.
O-O Qd8 14. a4 $14 {1-0 Chinchilla,E-Al Bukhari,S/Dubai 1986/TD (43)}) (9. Bd3
dxc4 10. Bxc4 Nd5 11. O-O O-O (11... Nxf4 12. exf4 O-O $132) 12. Bg3 Nxc3 13.
bxc3 b6 14. Qb3 Qf5 15. Rad1 Bb7 16. e4 Qg6 17. Rfe1 $14 {1-0 Riehl,J-Kuehn,K/
Bayern 2000/EXT 2001 (41)}) 9... Nh5 $1 {[%csl Rf4]} 10. Be5 Nhf6 (10... Nxe5
11. dxe5 g6 12. Be2 Ng7 $132) 11. Bg3 Nh5 12. Be2 Nxg3 13. hxg3 Nf6 14. O-O-O
Bd7 15. Kb1 O-O-O $132 {1-0 Miles,A-Newell,G/Los Angeles 1991/EXT 2000 (31)})
9. cxd5 cxd5 $14 {[%csl Rc8,Gf1]} (9... exd5 10. h3 {-Carlsbad variation}) 10.
Bd3 b5 11. O-O Bb7 12. Rfc1 O-O 13. a4 b4 14. Ne2 Rc8 {Black hasn't weaknesses,
after total pieces exchange on the only open line "c" position will be equal.}
(14... a5 15. Bc7 Qe8 16. Nd2 $14 {[%csl Ra5][%cal Gd2b3,Gc1c8]}) 15. Qd1 Qb6
$6 $14 ({Much stronger was} 15... Qa5 $1 $11) 16. a5 $1 {[%csl Rb4] Now Pb4
will be weak!} Qa7 17. Rxc8 (17. Ng3 $5 g5 $1 (17... Ne4 18. Bc2 g5 19. Nxe4
gxf4 20. Ned2 fxe3 21. fxe3 Qb8 22. Ba4 Nf6 23. Ne5 $14) 18. Bc7 Ba8 19. Bb6
Nxb6 (19... Qb7 20. Qe2 Nxb6 21. Bxa6 Rxc1+ 22. Rxc1 Qa7 23. axb6 Qxb6 24. Ne5
$14) 20. axb6 Qxb6 21. Rxa6 Rxc1 22. Qxc1 Qb7 23. Qa1 Rc8 24. Ra7 Rc1+ 25. Qxc1
Qxa7 26. Qc8+ Kg7 $132) 17... Rxc8 18. h3 Ne4 19. Nc1 $1 Qa8 20. Na2 {[%csl
Rb4][%cal Ga2b4]} (20. Bc2 Nd6 $11 {[%cal Gd6c4]}) 20... g5 21. Bh2 Rc6 22. Bc2
$6 $132 {Serious inaccuracy!} ({Why not} 22. Qa4 $1 Qf8 ({Or} 22... Qc8 23. Ne1
$1 (23. Nxb4 Rc1+ 24. Rxc1 Qxc1+ 25. Bf1 Qxb2 26. Nd3 Qb5 27. Qxb5 axb5 28.
Nde5 Nxe5 29. Nxe5 Bd8 30. Bxb5 Bxa5 31. Be8 f6 $11) 23... Qf8 {[%csl Rb4]} 24.
f3 Nef6 25. Nc2 $16 {[%csl Rb4]}) 23. Ne1 ({Looks very strong} 23. Bxa6 $5 Rxa6
24. Qxd7 Bc6 25. Qc7 Bd8 $1 {but Black has good counterplay:} 26. Qc8 Rxa5 27.
Qxc6 b3 28. Qb7 bxa2 29. Qb3 Bf6 30. Rxa2 Qc8 31. Bg3 Rxa2 32. Qxa2 Nxg3 33.
fxg3 Qc1+ 34. Kf2 Qc2+ 35. Kg1 Qc1+ $11) 23... Ba8 24. Be2 $16 {[%csl Rb4]
[%cal Ge1d3,Ge1c2]}) 22... Qd8 {[%csl Ra5][%cal Gd8a5]} 23. Nc1 Rc8 24. Nd3 Bc6
25. Nde5 Bb5 {Bc8 development problem is solved!} 26. Nxd7 Qxd7 27. Ne5 Qe8 28.
Ng4 h5 (28... Kg7 $11) 29. Ne5 f6 30. Nd3 h4 31. Ne1 Rc6 32. Bxe4 $6 $15 {
A little bit risky decision. Maybe better was to offer draw...} dxe4 33. d5 Rc5
(33... exd5 $2 34. Qxd5+ Qf7 35. Qxe4 $14) 34. d6 Bd8 35. Nc2 (35. Qd4 Rc4 $15)
35... Rd5 36. Nd4 Bd7 (36... Bd3 37. Qb3 Bxa5 $15) (36... e5 $1 37. Qb3 Qf7 38.
Nf5 (38. Nxb5 Rxb5 39. Qxf7+ Kxf7 $17) 38... Qe6 39. Ne7+ Bxe7 40. dxe7 Kf7 41.
Qxb4 Qd6 $11) 37. Qb3 Rxa5 $6 $132 (37... Bxa5 $142 38. Qc4 Qa8 $15 {[%cal
Ge6e5]}) 38. Rc1 (38. Rxa5 Bxa5 39. Qc4 Bb6 40. Qxa6 Bxd4 41. exd4 Qh5 $132)
38... Rd5 39. Qxb4 e5 40. Qb3 Qf7 41. Qb8 (41. Nc6 Bxc6 42. Rxc6 Rd2 43. Qa4
Qd7 44. g4 hxg3 45. Bxg3 Qxh3 46. Rxa6 Qh5 47. Qc4+ Kh8 48. Ra1 $132) 41... Qf8
42. Qa8 Rxd6 43. Qxe4 exd4 44. Bxd6 Qxd6 45. Qa8 $6 $15 ({Draw by force after} 
45. Qg6+ Kf8 46. Qh6+ Kf7 47. Qh7+ Kf8 48. Qh8+ $11) 45... Qb6 46. Rd1 Bc6 47.
Qc8 Kf7 ({Or} 47... Kg7 48. Rxd4 Bc7 49. Rc4 Qa5 50. Rc1 Kf7 $132) 48. Rxd4 (
48. exd4 Bb5 49. d5 Qd6 50. Qf5 Kg7 {[%csl Rg1][%cal Gd8c7]} 51. Qe6 Qc5 $15)
48... Be7 49. Qf5 $2 $17 ({Right was} 49. b3 $15) 49... Qxb2 $1 50. Qh7+ Kf8 $6
({After} 50... Ke6 $1 {Black leaves with advantage. Maybe it was difficult to
calculate all of variations and to play 50...Ke6 seems to Black too risky.} 51.
Rd1 (51. Qg8+ Ke5 52. Qc4 Qb1+ 53. Kh2 Qb7 54. Rd1 Kf5 $17) 51... Qb7 52. Rb1
Qd7 53. Qg8+ Ke5 $17) 51. Qh8+ Kf7 52. Qh7+ Kf8 $2 (52... Ke6 $17) 53. Qh8+
1/2-1/2